| 000 | 01055nam a2200289 i 4500 | ||
|---|---|---|---|
| 001 | 73266 | ||
| 003 | ES-MaACL | ||
| 005 | 20251013203206.0 | ||
| 007 | t| | ||
| 008 | 040923s2003 sp ||||1| spa d | ||
| 020 | _a84-8164-602-4 | ||
| 080 | _a61(02)"11" | ||
| 100 | 1 |
_aAverroes. _924027 |
|
| 245 | 1 | 3 |
_aEl libro de las generalidades de la medicina _b: = (Kitab al-Kullyyat fil-tibb) / _cAbu-l-Walid Ibn Rusd = (Averroes) ; traducción de María de la Concepción Vázquez de Benito y Camilo Alvarez Morales. |
| 260 |
_aMadrid : _bTrotta, _c[2003] |
||
| 300 |
_a509 p. ; _c23 cm. |
||
| 490 | 1 | _aAl-Andalus | |
| 500 | _aTraducción de: Kitab al-Kulliyyat fi l-tibb. | ||
| 504 | _aBibliografía: p. 475-477. | ||
| 650 | 1 | 4 |
_aMedicina- _vObras anteriores a 1800 _914912 |
| 700 | 0 |
_aVázquez de Benito, María de la Concepción _9113413 |
|
| 700 | 1 |
_aÁlvarez Morales, Camilo. _920771 |
|
| 740 | 0 | _aKitab al-Kulliyyat fi l-tibb. | |
| 830 | 0 |
_aAl-Andalus _9178870 |
|
| 852 |
_aES-MaACL _jL-28105 _bR.134017 |
||
| 999 |
_c73266 _d73266 |
||